Bayern, Dortmund, Werder oder Stuttgart - Statistiken

Allgemein
  • Dieses Quiz wurde 264 mal gespielt
  • Das Durchschnittsergebnis liegt bei 11 aus 15
Antwortstatistiken
Frage Antwort % Korrekt
Wer wurde nach einer Flussinsel benannt?
99%
Wer trägt mit dem Karlsruher SC ein Derby aus?
94%
Wer spielt im größten Stadion?
93%
Wessen Fans singen vor jedem Heimspiel "You´ll never walk alone"?
92%
Wer gewann 1997 die Champions League?
88%
Wer feiert Erfolge auf dem Borsigplatz?
84%
Wer gewann 2004 das Double (Meisterschaft und Pokalsieg)?
82%
Wer war kein Gründungsmitglied der Bundesliga?
81%
Bei wem sind 2 Automobilhersteller Aktionär?
74%
Wessen Zweitvertretung wurde 2020 Drittliga-Meister?
71%
Wessen Stadion besitzt markante Flutlichtmasten?
71%
Bei wem spielte in den 90er-Jahren das "Magische Dreieck"?
63%
Wen trainierte der Bundesliga-Rekordtrainer (nach Spielen) am längsten?
57%
Wer hat genau so viele Mitglieder wie Benfica Lissabon?
47%
Wer hat den jüngsten Cheftrainer?
35%
Keine übereinstimmenden Quizze gefunden
Verteilung der Resultate
Anzahl Personen mit jedem Resultat
Perzentil nach korrekt beantworteten Fragen
Ihre Resultats-Entwicklung
Sie haben dieses Quiz noch nicht gespielt